| 000 | 00396nam a22001337a 4500 | ||
|---|---|---|---|
| 005 | 20141008142604.0 | ||
| 008 | 141008b xxu||||| |||| 00| 0 eng d | ||
| 020 | _a9780323079723 | ||
| 050 |
_aRT 62 _b.V819 2014 |
||
| 245 |
_aVirtual clinical excursions : _bobstetrics / |
||
| 260 |
_aU.S.A. : _bElsevier/Mosby, _cc2014. |
||
| 300 |
_a174 pages : _billustrations ; _c26 cm. |
||
| 942 |
_2lcc _cBK _kFOR |
||
| 999 |
_c276041 _d276041 |
||